[Event "34th Chess Olympiad (women)"]
[Site "Istanbul"]
[Date "2000.11.06"]
[Round "9.31.2"]
[White "Carvalho, Alda"]
[Black "Goler, Isil"]
[WhiteElo "2063"]
[BlackElo "2000"]
[WhiteCountry "POR"]
[BlackCountry "TURB"]
[Result "1-0"]

1. e4 c6 2. c4 d5 3. cxd5 cxd5 4. exd5 Qxd5 5. Nc3 Qd8 6. d4 e6 7. Nf3 Nf6 
8. Bd3 Nc6 9. a3 Be7 10. O-O O-O 11. Re1 b6 12. Bg5 Bb7 13. Bc2 Nd5 14. Qd3 g6 
15. Bh6 Re8 16. Ne4 Bf8 17. Qd2 Bg7 18. Rad1 Nce7 19. h4 Nf5 20. Bxg7 Kxg7 
21. h5 Rc8 22. Ba4 Re7 23. g4 Nd6 24. Nxd6 Qxd6 25. h6+ Kg8 26. Ne5 Nf6 
27. Qf4 Nd5 28. Qd2 Rec7 29. Bb3 Qe7 30. g5 Qd8 31. Ng4 Kh8 32. Re5 Rd7 
33. Ba4 Rdc7 34. Rde1 Ba8 35. Bb3 Bb7 36. Bxd5 Bxd5 37. Nf6 Rc2 38. Qf4 Bb7 
39. Nxh7 R2c7 40. Nf6 Qf8 41. Ng4 Kh7 42. Rd1 Ba8 43. Ree1 
1-0

[Event "34th Chess Olympiad (women)"]
[Site "Istanbul"]
[Date "2000.11.06"]
[Round "9.31.3"]
[White "Meseli, Perihan"]
[Black "Coimbra, Margarida"]
[WhiteElo "2000"]
[BlackElo "2043"]
[WhiteCountry "TURB"]
[BlackCountry "POR"]
[Result "1/2-1/2"]

1. Nf3 d5 2. g3 Nf6 3. Bg2 c6 4. O-O Bg4 5. d3 Nbd7 6. Nbd2 e5 7. e4 Bd6 
8. Re1 O-O 9. c3 Qc7 10. Qc2 Rfe8 11. Nf1 dxe4 12. dxe4 Nc5 13. b4 Ncd7 
14. Ne3 Bxf3 15. Bxf3 c5 16. Qb3 Rac8 17. Bd2 c4 18. Qc2 b5 19. a4 a6 
20. axb5 axb5 21. Ra5 Qb7 22. Rea1 Ra8 23. Qa2 Nb6 24. Nf5 Bf8 25. Qb1 Na4 
26. Rxa8 Rxa8 27. Ne3 Rd8 28. Nd5 Nxd5 29. exd5 Nb6 30. Qf5 Qd7 31. Qxe5 Nxd5 
32. Bxd5 Qxd5 33. Qxd5 Rxd5 34. Be3 f6 35. Kf1 Kf7 36. Ra5 Bd6 37. Ke2 Be5 
38. Bd4 Bxd4 39. cxd4 Rxd4 40. Rxb5 c3 41. Rc5 
1/2-1/2

[Event "34th Chess Olympiad (women)"]
[Site "Istanbul"]
[Date "2000.11.06"]
[Round "9.32.1"]
[White "Connolly, Suzanne"]
[Black "Minnaar, Michelle"]
[WhiteElo "2105"]
[BlackElo "2062"]
[WhiteCountry "IRL"]
[BlackCountry "RSA"]
[Result "1/2-1/2"]

1. e4 d5 2. exd5 Nf6 3. d4 Bg4 4. Nf3 Qxd5 5. Be2 Nc6 6. O-O O-O-O 7. c4 Qd7 
8. d5 Bxf3 9. Bxf3 Ne5 10. Qe2 Nxf3+ 11. Qxf3 e6 12. dxe6 Qxe6 13. Bg5 Bd6 
14. Nc3 h6 15. Bh4 g5 16. Bg3 g4 17. Qe2 Rhe8 18. Qxe6+ Rxe6 19. a3 c6 
20. Rfe1 Rde8 21. Rxe6 Rxe6 22. Kf1 
1/2-1/2

[Event "34th Chess Olympiad (women)"]
[Site "Istanbul"]
[Date "2000.11.06"]
[Round "9.32.2"]
[White "Meyer, Marany"]
[Black "O`Siochru, Mairead"]
[WhiteElo "2087"]
[BlackElo "2000"]
[WhiteCountry "RSA"]
[BlackCountry "IRL"]
[Result "1/2-1/2"]

1. e4 c6 2. d4 d5 3. exd5 cxd5 4. Bd3 Nc6 5. c3 Nf6 6. Bf4 Bg4 7. Nf3 e6 
8. O-O Bd6 9. Bxd6 Qxd6 10. Nbd2 O-O 11. Re1 Qc7 12. Qb1 Qf4 13. h3 Bh5 
14. Re3 Bg6 15. Bxg6 hxg6 16. Qd3 Nd7 17. g3 Qc7 18. Kg2 Na5 19. h4 Nc4 
20. Nxc4 Qxc4 21. Qd2 Nf6 22. Ne5 Qc7 23. f3 Qe7 24. Re2 Rfd8 25. Rh1 Nd7 
26. Nxd7 Rxd7 27. f4 Qf6 28. h5 gxh5 29. Rxh5 g6 30. Rh4 Kg7 31. Kf3 Rh8 
32. Rxh8 Kxh8 33. Qe3 Kg7 34. Qe5 Qxe5 35. dxe5 Rc7 36. Ke3 Kf8 37. Kd3 Ke7 
38. b3 
1/2-1/2

[Event "34th Chess Olympiad (women)"]
[Site "Istanbul"]
[Date "2000.11.06"]
[Round "9.32.3"]
[White "Quinn, Deborah"]
[Black "Frick, Denise"]
[WhiteElo "2000"]
[BlackElo "2000"]
[WhiteCountry "IRL"]
[BlackCountry "RSA"]
[Result "1-0"]

1. e4 g6 2. d4 Bg7 3. f4 c6 4. Nf3 d5 5. e5 Nh6 6. h3 Bf5 7. g4 Be4 8. c3 Bxb1 
9. Rxb1 f6 10. Bd3 fxe5 11. fxe5 O-O 12. Ng5 Qd7 13. Qc2 Na6 14. Bxg6 Nc7 
15. Bxh7+ Kh8 16. Bg8 
1-0

[Event "34th Chess Olympiad (women)"]
[Site "Istanbul"]
[Date "2000.11.06"]
[Round "9.33.1"]
[White "Smith, Vivian"]
[Black "Mahini, Mona"]
[WhiteElo "2000"]
[BlackElo "2018"]
[WhiteCountry "NZL"]
[BlackCountry "IRI"]
[Result "1/2-1/2"]

1. e4 c5 2. Nc3 Nc6 3. f4 g6 4. Nf3 Bg7 5. Bc4 e6 6. O-O Nge7 7. d3 O-O 
8. Qe1 d5 9. Bb3 b6 10. f5 dxe4 11. dxe4 exf5 12. Qh4 Ba6 13. Rd1 Qc8 
14. Bg5 fxe4 15. Nxe4 Nf5 16. Qf4 c4 17. Nf6+ Bxf6 18. Bxf6 Qe6 19. Bg5 f6 
20. Re1 Qf7 21. Bxf6 cxb3 22. axb3 Bb7 23. Bc3 Ng7 24. Qh6 Nf5 25. Qf4 Nce7 
26. Qe5 Ng7 27. Qxe7 Bxf3 28. Qxf7+ Rxf7 29. gxf3 Rxf3 30. Rf1 Rxf1+ 31. Kxf1 
1/2-1/2

[Event "34th Chess Olympiad (women)"]
[Site "Istanbul"]
[Date "2000.11.06"]
[Round "9.33.2"]
[White "Navabi, Shirin"]
[Black "Mikhailik, Eleonora"]
[WhiteElo "2007"]
[BlackElo "2000"]
[WhiteCountry "IRI"]
[BlackCountry "NZL"]
[Result "1-0"]

1. c4 Nf6 2. Nc3 d6 3. g3 g6 4. Bg2 Bg7 5. d4 O-O 6. e3 Nbd7 7. Nge2 Re8 
8. O-O c6 9. d5 c5 10. f4 Nf8 11. e4 e5 12. dxe6 Nxe6 13. Nb5 Bf8 14. f5 Nc7 
15. Nxc7 Qxc7 16. fxg6 Bg7 17. gxh7+ Kxh7 18. Qd3 Kg8 19. Nc3 a6 20. Bg5 Ng4 
21. Nd5 Qb8 22. Nf6+ Bxf6 23. Bxf6 Nxf6 24. Rxf6 Re6 25. e5 dxe5 26. Qd8+ Kg7 
27. Raf1 Rxf6 28. Qxf6+ 
1-0

[Event "34th Chess Olympiad (women)"]
[Site "Istanbul"]
[Date "2000.11.06"]
[Round "9.33.3"]
[White "Courtney, Helen"]
[Black "Khachatorian, Yarazik"]
[WhiteElo "2000"]
[BlackElo "2000"]
[WhiteCountry "NZL"]
[BlackCountry "IRI"]
[Result "0-1"]

1. d4 Nf6 2. c4 g6 3. Nc3 Bg7 4. e4 d6 5. Be2 O-O 6. Be3 Nbd7 7. Qd2 c5 
8. Nf3 Ng4 9. Bg5 h6 10. h3 Nxf2 11. Kxf2 hxg5 12. Nxg5 Bh6 13. dxc5 Nxc5 
14. Rhd1 Qb6 15. Ke1 f6 16. Qd5+ e6 17. Qxd6 Qxd6 18. Rxd6 Bxg5 19. Kf1 Bf4 
20. Rdd1 Be5 21. Rac1 b6 22. b4 Bxc3 23. bxc5 Be5 24. cxb6 axb6 25. Rc2 Bb7 
26. Bf3 f5 27. exf5 Bxf3 28. gxf3 Rxf5 29. Ke2 Ra3 30. Rf1 Bd4 31. h4 Re3+ 
32. Kd2 Rfxf3 33. Rxf3 Rxf3 34. Kd1 Rf1+ 35. Ke2 Rf2+ 36. Kd3 Rxc2 37. Kxc2 Bf2 
38. a4 Kf7 39. Kd3 Kf6 40. Ke4 Bxh4 41. c5 Bf2 42. c6 Ke7 43. c7 Kd7 
44. Ke5 Bg3+ 45. Kf6 e5 46. Kg5 e4 47. Kg4 Bxc7 48. Kh3 Ke6 49. Kg2 Ke5 
0-1

[Event "34th Chess Olympiad (women)"]
[Site "Istanbul"]
[Date "2000.11.06"]
[Round "9.34.1"]
[White "Charest, Johanne"]
[Black "Tan, Winnie"]
[WhiteElo "2136"]
[BlackElo "2000"]
[WhiteCountry "CAN"]
[BlackCountry "SIN"]
[Result "1/2-1/2"]

1. e4 e5 2. Nf3 Nc6 3. Bc4 Nf6 4. d4 exd4 5. O-O Nxe4 6. Re1 d5 7. Bxd5 Qxd5 
8. Nc3 Qa5 9. Nxe4 Be6 10. Neg5 O-O-O 11. Nxe6 fxe6 12. Rxe6 Bd6 13. Bg5 Rde8 
14. Qe2 Kd7 15. Re1 Qxe1+ 16. Qxe1 Rxe6 17. Qd1 Rhe8 18. Kf1 h6 19. Bd2 Bc5 
20. a3 g5 21. b4 Bb6 22. Ne1 Ne5 23. Nd3 Nxd3 24. cxd3 Kd6 
1/2-1/2

[Event "34th Chess Olympiad (women)"]
[Site "Istanbul"]
[Date "2000.11.06"]
[Round "9.34.2"]
[White "Xu, Yaping"]
[Black "Belc, Daniela"]
[WhiteElo "2000"]
[BlackElo "2073"]
[WhiteCountry "SIN"]
[BlackCountry "CAN"]
[Result "0-1"]

1. f4 d5 2. Nf3 c5 3. g3 g6 4. Bg2 Bg7 5. O-O Nf6 6. d3 O-O 7. Qe1 d4 8. a4 Be6 
9. e4 dxe3 10. Qxe3 Qc7 11. Nc3 Nd5 12. Nxd5 Bxd5 13. c3 b6 14. d4 Na6 
15. Qd3 cxd4 16. Nxd4 Bxg2 17. Kxg2 Nc5 18. Nb5 Qc8 19. Qf3 Rd8 20. Be3 a6 
21. Nd4 Qd7 22. Rfd1 Qc7 23. a5 b5 24. Nc6 Rdc8 25. Bxc5 Qxc6 26. Bxe7 Qe6 
27. Re1 Qb3 28. Re2 Ra7 29. Rae1 Rd7 30. Ba3 Rdd8 31. Qb7 Bxc3 32. Rc1 b4 
33. Rec2 Rb8 34. Qf3 bxa3 35. Rxc3 Qxb2+ 36. Kh3 a2 37. R3c2 Qxc2 
0-1

[Event "34th Chess Olympiad (women)"]
[Site "Istanbul"]
[Date "2000.11.06"]
[Round "9.34.3"]
[White "Chu, Stefanie"]
[Black "Rolles, May"]
[WhiteElo "2020"]
[BlackElo "2000"]
[WhiteCountry "CAN"]
[BlackCountry "SIN"]
[Result "1-0"]

1. e4 c5 2. Nf3 d6 3. d4 cxd4 4. Nxd4 Nf6 5. Nc3 g6 6. Be3 Bg7 7. Be2 Nc6 
8. f3 Bd7 9. Qd2 O-O 10. O-O-O Qa5 11. g4 Rfc8 12. Kb1 a6 13. Nb3 Qc7 
14. Na4 Re8 15. Nb6 Rad8 16. h4 Be6 17. Nd5 Bxd5 18. exd5 Ne5 19. h5 Nc4 
20. Bxc4 Qxc4 21. hxg6 fxg6 22. Bh6 Bh8 23. Rhe1 e6 24. dxe6 Rxe6 25. Rxe6 Qxe6 
26. Re1 Qd5 27. Qf4 Qf7 28. Nd4 Nd5 29. Qe4 Bxd4 30. Qxd4 Rd7 31. f4 Nf6 
32. f5 Re7 33. Rf1 Rd7 34. fxg6 Qxg6 35. Rxf6 Qe8 36. Rf8+ Qxf8 37. Bxf8 Kxf8 
38. Qh8+ 
1-0

[Event "34th Chess Olympiad (women)"]
[Site "Istanbul"]
[Date "2000.11.06"]
[Round "9.35.1"]
[White "Pacheco, Hilzandryly"]
[Black "Mohammed, Janer"]
[WhiteElo "2000"]
[BlackElo "2000"]
[WhiteCountry "PUR"]
[BlackCountry "IRQ"]
[Result "1/2-1/2"]

1. d4 d5 2. Nf3 Nf6 3. e3 Bg4 4. Bd3 e6 5. h3 Bh5 6. O-O Nbd7 7. Nbd2 c5 
8. b3 cxd4 9. exd4 Bb4 10. Be2 O-O 11. a3 Bd6 12. Bb2 Rc8 13. c4 b6 
14. Ne5 Bxe2 15. Qxe2 Bb8 16. Rac1 Qe7 17. f4 dxc4 18. Rxc4 Rxc4 19. Ndxc4 Nd5 
20. Ne3 N7f6 21. Nc6 Qd6 22. Nxb8 Qxb8 23. f5 Nxe3 24. Qxe3 Re8 25. fxe6 Rxe6 
26. Qf3 Qd8 27. b4 Qd5 28. Qf4 Qd6 29. Qf2 Re7 
1/2-1/2

[Event "34th Chess Olympiad (women)"]
[Site "Istanbul"]
[Date "2000.11.06"]
[Round "9.35.2"]
[White "Al-Rufei, Eman H"]
[Black "Basem-Hassan, Mirian"]
[WhiteElo "2031"]
[BlackElo "2000"]
[WhiteCountry "IRQ"]
[BlackCountry "PUR"]
[Result "1-0"]

1. e4 d5 2. exd5 Qxd5 3. Nc3 Qd8 4. d4 g6 5. Nf3 Bg4 6. Be3 Bg7 7. Bc4 Nf6 
8. Bxf7+ Kxf7 9. Ne5+ Ke8 10. Nxg4 Nc6 11. Nxf6+ Bxf6 12. Ne2 Qd5 13. O-O Rd8 
14. c3 Kd7 15. Nf4 Qf5 16. d5 Kc8 17. Qa4 Nb8 18. Qxa7 Be5 19. Ne6 Rxd5 
20. Nc5 Rxc5 21. Qxc5 Nc6 22. a4 Qh5 23. f4 Rd8 24. fxe5 Qe2 25. a5 e6 26. Bg5 
1-0

[Event "34th Chess Olympiad (women)"]
[Site "Istanbul"]
[Date "2000.11.06"]
[Round "9.35.3"]
[White "Perez, Dolimar"]
[Black "Ameen, S."]
[WhiteElo "2000"]
[BlackElo "2152"]
[WhiteCountry "PUR"]
[BlackCountry "IRQ"]
[Result "1/2-1/2"]

1. d4 d5 2. e3 Nf6 3. Bd3 e6 4. f4 Nbd7 5. Nf3 c5 6. c3 Bd6 7. O-O Nb6 
8. Ne5 Qe7 9. Nd2 Bd7 10. Ndf3 O-O-O 11. Qe2 c4 12. Bc2 Ne8 13. b3 f6 
14. Nxd7 Rxd7 15. e4 Rc7 16. exd5 exd5 17. Qxe7 Rxe7 18. bxc4 Nxc4 19. Bb3 Nc7 
20. Nd2 b5 21. Nxc4 dxc4 22. Bc2 Nd5 23. Bd2 Re2 24. Bf5+ Kc7 25. Rad1 g6 
26. Bg4 Re7 27. g3 Rhe8 28. Rde1 Ba3 29. Rxe7+ Rxe7 30. Bf3 Kd6 31. Rb1 a6 
32. Kg2 f5 33. h3 h5 34. Kf2 Nf6 35. Bc1 Bxc1 36. Rxc1 Ne4+ 37. Kg2 Nf6 
38. Rb1 Nd5 39. Bxd5 Kxd5 40. Kf3 Kc6 41. Rb2 Re1 42. Rc2 Kd5 43. Kf2 Re8 
44. Kf3 Re4 45. Rb2 
1/2-1/2

[Event "34th Chess Olympiad (women)"]
[Site "Istanbul"]
[Date "2000.11.06"]
[Round "9.36.1"]
[White "Hassan, Amina"]
[Black "Castillo Melendez, Dina"]
[WhiteElo "2000"]
[BlackElo "2071"]
[WhiteCountry "UAE"]
[BlackCountry "GUA"]
[Result "1/2-1/2"]

1. e4 c5 2. Nc3 Nc6 3. g3 g6 4. Bg2 Bg7 5. f4 d6 6. Nf3 Bd7 7. d3 Rb8 
8. O-O Nf6 9. h3 b5 10. Be3 b4 11. Ne2 O-O 12. Qd2 Ne8 13. d4 cxd4 
14. Nexd4 Nxd4 15. Bxd4 Bxd4+ 16. Qxd4 Qc7 17. Rf2 Ng7 18. g4 a5 19. f5 Rb5 
20. Qd2 gxf5 21. exf5 f6 22. Qh6 Rc5 23. Rc1 Rc8 24. Nd4 Re5 25. Nf3 Rc5 
26. Nd4 Re5 27. Nf3 Rc5 28. Nd4 
1/2-1/2

[Event "34th Chess Olympiad (women)"]
[Site "Istanbul"]
[Date "2000.11.06"]
[Round "9.36.2"]
[White "Martinez Porras, Ingrid"]
[Black "Hussain, Noora"]
[WhiteElo "2104"]
[BlackElo "2000"]
[WhiteCountry "GUA"]
[BlackCountry "UAE"]
[Result "1/2-1/2"]

1. e4 e5 2. Nf3 Nc6 3. Bc4 Nf6 4. d3 Bc5 5. O-O O-O 6. Bg5 h6 7. Bh4 d6 
8. c3 Bg4 9. Nbd2 g5 10. Bg3 Nh5 11. b4 Bb6 12. a4 a6 13. Qc2 Qf6 14. Ba2 Nf4 
15. Bxf4 gxf4 16. Kh1 Kh8 17. Ng1 Rg8 18. f3 Bd7 19. Nc4 Ba7 20. b5 axb5 
21. axb5 Ne7 22. Rab1 d5 23. b6 dxc4 24. bxa7 cxd3 25. Qxd3 Rxa7 26. Rb2 Be6 
27. Bxe6 Qxe6 28. Rd1 Ra2 29. Qb5 Rxb2 30. Qxb2 Qc6 31. Qb3 Kg7 32. Ne2 b6 
33. Nc1 Kf6 34. Na2 Qe6 35. Qa3 Nc6 36. Rd5 Rd8 37. Nb4 Rd6 38. Rxd6 Qxd6 
39. Nd5+ Ke6 40. Qa8 Ne7 41. h3 Nxd5 42. exd5+ Qxd5 43. Qe8+ Kf6 44. Qh8+ Kg6 
45. Qg8+ Kf6 46. Qh8+ Kg6 
1/2-1/2

[Event "34th Chess Olympiad (women)"]
[Site "Istanbul"]
[Date "2000.11.06"]
[Round "9.36.3"]
[White "Hassan, Jawaher"]
[Black "Mazariegos Kummerfeld, Silvia"]
[WhiteElo "2000"]
[BlackElo "2034"]
[WhiteCountry "UAE"]
[BlackCountry "GUA"]
[Result "1-0"]

1. e4 e5 2. Nf3 d6 3. Bc4 c6 4. d3 Be7 5. Nc3 h6 6. Be3 Nf6 7. h3 Nbd7 
8. O-O Nf8 9. Bb3 g5 10. Nh2 Ng6 11. d4 Qc7 12. Qf3 Nf4 13. dxe5 dxe5 
14. Ne2 h5 15. Nxf4 exf4 16. Bd2 Be6 17. Rfe1 O-O-O 18. Rad1 Nd7 19. Bxe6 fxe6 
20. Bc3 e5 21. b4 Rdg8 22. Qe2 b5 23. a4 Nb6 24. axb5 cxb5 25. Ba1 Nc4 
26. Bc3 Rg6 27. Rd5 a6 28. Red1 Bd6 29. Nf3 Qe7 30. Qd3 g4 31. Nxe5 Nxe5 
32. Bxe5 Bxe5 33. Rd7 Qe6 34. Rd8+ Kb7 35. Rxh8 Bxh8 36. Qd8 Rg8 37. Rd7+ Qxd7 
38. Qxd7+ Kb8 39. Qd6+ Ka7 40. hxg4 hxg4 41. Qxf4 Rd8 42. Qc7+ 
1-0

[Event "34th Chess Olympiad (women)"]
[Site "Istanbul"]
[Date "2000.11.06"]
[Round "9.37.1"]
[White "Mateus, Martha"]
[Black "Wiesuriya, Vineetha"]
[WhiteElo "2318"]
[BlackElo "2000"]
[WhiteCountry "COL"]
[BlackCountry "SRI"]
[Result "1-0"]

1. e4 c5 2. Nf3 d6 3. d4 cxd4 4. Nxd4 Nf6 5. Nc3 a6 6. Bg5 h6 7. Bxf6 exf6 
8. Bc4 Qc7 9. Bb3 Nc6 10. O-O Nxd4 11. Qxd4 Be6 12. Nd5 Bxd5 13. Qxd5 Rc8 
14. a4 Qd7 15. a5 Qe7 16. Ba4+ Kd8 17. Rfd1 Rc5 18. Qxc5 Qxe4 19. Qb6+ Kc8 
20. Re1 
1-0

[Event "34th Chess Olympiad (women)"]
[Site "Istanbul"]
[Date "2000.11.06"]
[Round "9.37.2"]
[White "Konama, Anupama"]
[Black "Palao, Maricela"]
[WhiteElo "2000"]
[BlackElo "2159"]
[WhiteCountry "SRI"]
[BlackCountry "COL"]
[Result "0-1"]

1. Nf3 d5 2. g3 c6 3. Bg2 Bf5 4. O-O Nd7 5. d4 h6 6. Nbd2 Ngf6 7. c4 e6 
8. Qb3 Qc7 9. Re1 Be7 10. a3 O-O 11. Qa2 a5 12. b3 b5 13. cxb5 cxb5 14. Bb2 a4 
15. b4 Rac8 16. Rac1 Qb8 17. e3 Nb6 18. Bf1 Nc4 19. Red1 Bg4 20. Re1 Ne4 
21. Ba1 f5 22. Nxe4 Bxf3 23. Nc5 Qd6 24. Bg2 Bxg2 25. Kxg2 Rc7 26. Rcd1 Bf6 
27. Kg1 g5 28. f3 Bg7 29. e4 fxe4 30. fxe4 Rcf7 31. exd5 Qxd5 32. Ne4 Rf3 
33. Bb2 Ne3 34. Qxd5 exd5 35. Rd3 Rf1+ 
0-1

[Event "34th Chess Olympiad (women)"]
[Site "Istanbul"]
[Date "2000.11.06"]
[Round "9.37.3"]
[White "Ortiz, Nadya"]
[Black "Hettige Dona, Chathuri"]
[WhiteElo "2000"]
[BlackElo "2000"]
[WhiteCountry "COL"]
[BlackCountry "SRI"]
[Result "1-0"]

1. e4 e5 2. Nf3 Nc6 3. Bc4 Bc5 4. b4 Bxb4 5. c3 Ba5 6. d4 exd4 7. O-O d6 
8. cxd4 Qd7 9. Qa4 Bb6 10. Bb5 a6 11. d5 axb5 12. Qxa8 Nd4 13. Nbd2 Ne2+ 
14. Kh1 Nxc1 15. Raxc1 Nf6 16. e5 Nxd5 17. exd6 O-O 18. dxc7 Nxc7 19. Qa3 Qf5 
20. Nb3 Ne6 21. Qd6 Ba7 22. Rcd1 Qf6 23. Qd5 Nc7 24. Qh5 Bf5 25. Nfd4 Bg6 
26. Qh3 Rd8 27. Qc3 Nd5 28. Qa5 Bb6 29. Qe1 Nc7 30. Nf3 Rxd1 31. Qxd1 h6 
32. Qd7 Bf5 33. Qd2 Be4 34. Nfd4 Bd5 35. f3 Bc4 36. Re1 Qd6 37. Nf5 Qxd2 
38. Nxd2 Bxa2 39. Ra1 Be6 40. Nd6 Bd4 41. Rc1 Bb6 42. Rb1 Be3 43. Nf1 Bd4 
44. Nxb5 Nxb5 45. Rxb5 Bc4 46. Rb1 b5 47. Nd2 Bd3 48. Rb3 Be2 49. g3 Bc5 
50. Ne4 Be7 51. Nd2 Bc5 52. Ne4 Bf8 53. Kg2 Bc4 54. Rb1 b4 55. Kf2 Ba2 
56. Ra1 b3 57. Nc3 Bc5+ 58. Ke2 Bd4 59. Kd3 b2 60. Rxa2 Bxc3 61. Ra8+ Kh7 
62. Rb8 Be5 63. Rb5 Bf6 64. f4 g6 65. g4 Kg7 66. h3 Kh7 67. Kc2 Kg8 68. Rb6 Bd4 
69. Rxb2 Bxb2 70. Kxb2 f6 71. Kc3 Kf7 72. Kc4 Ke6 73. Kd4 f5 74. g5 h5 
75. Kc5 h4 76. Kc6 Ke7 77. Kc7 Ke6 78. Kd8 Kd5 79. Ke7 Ke4 80. Kf6 Kxf4 
81. Kxg6 Ke4 82. Kh5 f4 83. g6 f3 84. g7 f2 85. g8=Q f1=Q 86. Qe6+ Kd4 
87. Kxh4 Qf2+ 88. Kh5 Qf8 89. h4 Qh8+ 90. Kg5 Qg7+ 91. Kf4 Qf8+ 92. Qf5 Qh6+ 
93. Kg4 Qg7+ 94. Qg5 Qd7+ 95. Kf4 Qd6+ 96. Kf3 Qc6+ 97. Kg3 Qc3+ 98. Kg4 Qc8+ 
99. Kh5 Qe8+ 100. Kh6 Qe6+ 101. Qg6 Qe3+ 102. Kh7 Qf4 103. h5 Qe5 
104. Qg7 Qxg7+ 105. Kxg7 Kd5 
1-0

[Event "34th Chess Olympiad (women)"]
[Site "Istanbul"]
[Date "2000.11.06"]
[Round "9.38.1"]
[White "Mudongo, Boikhutso"]
[Black "Zepeda, Sonia"]
[WhiteElo "2000"]
[BlackElo "2046"]
[WhiteCountry "BOT"]
[BlackCountry "ESA"]
[Result "0-1"]

1. e4 d5 2. exd5 Qxd5 3. Nc3 Qa5 4. d4 c6 5. Nf3 Bg4 6. Be2 e6 7. h3 Bxf3 
8. Bxf3 Nf6 9. O-O Nbd7 10. Bf4 Be7 11. Re1 Qd8 12. Ne2 O-O 13. c3 Nb6 
14. Qc2 Nbd5 15. Be5 Qd7 16. Nf4 Bd6 17. Nxd5 Nxd5 18. Bxd5 cxd5 19. Re3 Rfc8 
20. Rae1 Bxe5 21. Rxe5 b5 22. a3 a5 23. Ra1 Qa7 24. g3 Qxd4 25. Qxh7+ Kxh7 
26. cxd4 Rc2 27. Rb1 Rac8 28. Ree1 Rd2 29. Red1 Rcc2 30. Rxd2 Rxd2 31. b4 a4 
32. Kf1 Rxd4 33. Ke2 Rc4 34. Rd1 Kg6 35. Rd3 f6 36. f4 d4 37. Kf3 Rc3 
38. Rxc3 dxc3 39. Ke3 c2 40. Kd2 Kf5 41. Kxc2 Ke4 42. Kd2 Kf3 43. Kd3 Kxg3 
44. Kd4 Kxf4 45. Kc5 e5 46. Kxb5 e4 47. Kxa4 e3 48. b5 e2 49. b6 e1=Q 
50. Kb5 Qe8+ 51. Ka6 Qa8+ 52. Kb5 Qxa3 
0-1

[Event "34th Chess Olympiad (women)"]
[Site "Istanbul"]
[Date "2000.11.06"]
[Round "9.38.2"]
[White "Pastor, Tahnya"]
[Black "Nakedi, Gloria"]
[WhiteElo "2000"]
[BlackElo "2000"]
[WhiteCountry "ESA"]
[BlackCountry "BOT"]
[Result "1/2-1/2"]

1. e4 e5 2. c4 c5 3. g3 g6 4. Bg2 Bg7 5. Ne2 Ne7 6. Nbc3 Nbc6 7. d3 d6 
8. O-O O-O 9. f4 exf4 10. Bxf4 a6 11. Qd2 Nd4 12. Rab1 Nec6 13. Nd5 f6 
14. Nxd4 Nxd4 15. b4 Ne6 16. Be3 Rb8 17. a4 Nd4 18. bxc5 f5 19. c6 Nxc6 
20. Bg5 Qd7 21. exf5 Rxf5 22. Rfe1 Bd4+ 23. Be3 Qg7 24. Nf4 Bd7 25. Bd5+ Kh8 
26. Bxd4 Qxd4+ 27. Qe3 Qxe3+ 28. Rxe3 Ne5 29. Rxb7 Rxb7 30. Bxb7 Bxa4 
31. Bxa6 Nf7 32. Nd5 Bc6 33. Ne7 Re5 34. Rxe5 Nxe5 35. Nxc6 Nxc6 36. Bb7 Ne5 
37. Be4 Kg7 38. h3 Kf6 39. Kf2 Nd7 40. d4 Ke6 41. Kf3 Nb6 42. c5 dxc5 
43. dxc5 Nc8 44. Kf4 Kf6 45. c6 h5 46. c7 g5+ 47. Ke3 Nd6 48. Bb7 h4 
49. gxh4 gxh4 50. c8=Q Nxc8 51. Bxc8 Kg5 52. Kf3 Kh5 53. Kf4 Kh6 54. Kg4 Kg6 
55. Kxh4 Kh6 56. Kg4 Kg6 57. h4 Kh6 58. h5 Kh7 59. Kg5 Kg7 60. Bf5 Kg8 
61. Kg6 Kh8 
1/2-1/2

[Event "34th Chess Olympiad (women)"]
[Site "Istanbul"]
[Date "2000.11.06"]
[Round "9.38.3"]
[White "Sabure, Tuduetso"]
[Black "Osorio, Lorena"]
[WhiteElo "2000"]
[BlackElo "2000"]
[WhiteCountry "BOT"]
[BlackCountry "ESA"]
[Result "1/2-1/2"]

1. d4 d5 2. Nf3 c6 3. Nc3 Bf5 4. e3 Nd7 5. Bd3 Bxd3 6. Qxd3 e6 7. O-O Ngf6 
8. Bd2 Bd6 9. e4 dxe4 10. Nxe4 Nxe4 11. Qxe4 Nf6 12. Qd3 h6 13. Rfe1 O-O 
14. Ne5 Qc7 15. Re3 c5 16. c3 Rfd8 17. Qe2 cxd4 18. cxd4 Qb6 19. Nc4 Qxd4 
20. Bc3 Qf4 21. Nxd6 Qxd6 22. Bxf6 gxf6 23. Rg3+ Kh7 24. h3 Qd5 25. Re1 Qd2 
26. Qe4+ f5 27. Qe5 Rg8 28. Ree3 Qd1+ 29. Kh2 Qd7 30. b3 b6 31. a4 Rxg3 
32. Rxg3 Rg8 33. Rxg8 Kxg8 34. g4 fxg4 35. hxg4 Qd8 36. Kg3 Qd3+ 37. f3 Qxb3 
38. Qb8+ Kg7 39. Qxa7 Qb4 40. Qd7 Qe1+ 41. Kf4 Qb4+ 42. Ke3 Qc5+ 43. Qd4+ Qxd4+ 
44. Kxd4 f5 45. Ke5 fxg4 46. fxg4 Kf7 47. Kd6 Kf6 48. Kc6 e5 49. Kxb6 e4 
50. a5 e3 51. a6 e2 52. a7 e1=Q 53. a8=Q Qe6+ 54. Kc5 Qxg4 55. Qd8+ Kg6 
56. Qe8+ Kg5 57. Qe7+ Kh5 58. Qe8+ Kh4 59. Qe1+ Kh3 60. Qe3+ Kh4 61. Qxh6+ 
1/2-1/2

[Event "34th Chess Olympiad (women)"]
[Site "Istanbul"]
[Date "2000.11.06"]
[Round "9.39.1"]
[White "Al-Sherkh Khade, Wasila"]
[Black "Mendes, Alves"]
[WhiteElo "2000"]
[BlackElo "2000"]
[WhiteCountry "SYR"]
[BlackCountry "ANG"]
[Result "1/2-1/2"]

1. e4 e5 2. Nf3 Nc6 3. d4 exd4 4. Nxd4 Nxd4 5. Qxd4 d6 6. Bd3 Nf6 7. Bg5 Be7 
8. O-O O-O 9. Re1 Be6 10. Nc3 Nd7 11. Bxe7 Qxe7 12. Nd5 Bxd5 13. exd5 Qf6 
14. Qxf6 Nxf6 15. c4 Rfe8 16. Bc2 Kf8 17. Ba4 Rxe1+ 18. Rxe1 Rc8 19. f3 c6 
20. dxc6 bxc6 21. Rd1 d5 22. c5 Rb8 23. Rd2 Rc8 24. Kf2 Ke7 25. Ke3 Kd7 
26. Bc2 Rb8 27. Bf5+ Kc7 28. a3 Rb3+ 29. Kd4 h6 30. Re2 Kd8 31. Ke5 Kc7 
32. Kd4 Kd8 33. Ke5 Kc7 34. Kd4 Kd8 
1/2-1/2

[Event "34th Chess Olympiad (women)"]
[Site "Istanbul"]
[Date "2000.11.06"]
[Round "9.39.2"]
[White "Afonso, Vieira"]
[Black "Al -Jindi, Nibal"]
[WhiteElo "2000"]
[BlackElo "2000"]
[WhiteCountry "ANG"]
[BlackCountry "SYR"]
[Result "1/2-1/2"]

1. e4 e6 2. d4 d5 3. e5 c5 4. Nf3 Nc6 5. Bb5 Bd7 6. c3 Qc7 7. Be3 Nge7 
8. Nbd2 Nf5 9. Qe2 Nxe3 10. Qxe3 Nxe5 11. Bxd7+ Nxd7 12. O-O Bd6 13. Rac1 Bf4 
14. Qd3 c4 15. Qc2 O-O 16. b3 Rac8 17. Rb1 b5 18. bxc4 bxc4 19. Rb2 Rb8 
20. Rfb1 Rxb2 21. Rxb2 Rb8 22. Kf1 Rxb2 23. Qxb2 Qb6 24. Qc2 Qa5 25. Nb1 Nf6 
26. h3 Ne4 27. Ke2 Qb6 28. Nfd2 Nxd2 29. Nxd2 Bxd2 30. Qxd2 Qd6 31. Qe3 Qa3 
32. Qd2 Kf8 33. g4 h6 34. f4 f6 35. h4 Kf7 36. Kf3 Qd6 37. Qe3 Qa3 38. Qd2 Ke7 
39. Ke2 Kd6 40. Kf3 Ke7 41. Ke2 Kd6 42. Kf3 Qa6 43. Qb2 
1/2-1/2

[Event "34th Chess Olympiad (women)"]
[Site "Istanbul"]
[Date "2000.11.06"]
[Round "9.39.3"]
[White "Khalifeh, Diana"]
[Black "Conceicao Venancio, Maria"]
[WhiteElo "2000"]
[BlackElo "2000"]
[WhiteCountry "SYR"]
[BlackCountry "ANG"]
[Result "0-1"]

1. e4 c5 2. Nc3 d6 3. g3 Nf6 4. Bg2 e6 5. d3 Be7 6. f4 Nc6 7. Nf3 a6 8. O-O O-O 
9. h3 h6 10. Kh2 Qc7 11. Qe1 Re8 12. g4 Nh7 13. Qg3 Nd4 14. Rf2 Nxf3+ 
15. Bxf3 Qd8 16. Qg2 Bh4 17. Re2 Rb8 18. Bd2 Bd7 19. Be1 Bc6 20. Bxh4 Qxh4 
21. Rg1 f6 22. Qf2 Qxf2+ 23. Rxf2 Kh8 24. Ne2 Re7 25. d4 Rbe8 26. Rd1 cxd4 
27. Nxd4 Rc8 28. Nxc6 Rxc6 29. Rfd2 Rd7 30. Kg3 Rb6 31. b3 Kg8 32. c4 e5 
33. c5 Rc6 34. Rxd6 Rcxd6 35. Rxd6 Rxd6 36. cxd6 Nf8 37. Be2 Kf7 38. f5 Ke8 
39. Bc4 Kd7 40. Bd5 b6 41. h4 Kxd6 42. g5 fxg5 43. hxg5 hxg5 44. Bg8 Kc5 
45. Kg4 Kd4 46. Kxg5 Kxe4 47. Bc4 a5 48. Kg4 Kd4 49. Kf3 e4+ 50. Ke2 Nd7 
51. Bb5 Nc5 52. Bc4 e3 53. Bb5 Ne4 54. Bc4 Nc3+ 55. Kf3 Nxa2 56. Ke2 Nc3+ 
57. Ke1 a4 58. Be6 a3 59. b4 a2 60. Bxa2 Nxa2 61. b5 Nc3 62. Kf1 Kd3 63. Ke1 e2 
0-1

[Event "34th Chess Olympiad (women)"]
[Site "Istanbul"]
[Date "2000.11.06"]
[Round "9.40.1"]
[White "Abdulsalam, Rawidah"]
[Black "Hind, Bahji"]
[WhiteElo "2000"]
[BlackElo "2000"]
[WhiteCountry "YEM"]
[BlackCountry "MAR"]
[Result "0-1"]

1. e4 c5 2. Nf3 d6 3. d4 cxd4 4. Nxd4 Nf6 5. Nc3 a6 6. f4 e6 7. Bd3 Nc6 
8. Nxc6 bxc6 9. O-O Qb6+ 10. Kh1 Be7 11. Qf3 O-O 12. b3 d5 13. exd5 cxd5 
14. Ne2 Bb7 15. Be3 Qc7 16. Ng3 d4 17. Bd2 Bxf3 18. Rxf3 g6 19. Ne4 Rab8 
20. Nxf6+ Bxf6 21. g4 Rfe8 22. Raf1 Bg7 23. f5 exf5 24. gxf5 Qc6 25. Kg1 Re4 
26. f6 Rg4+ 27. Kh1 Bxf6 28. h3 Rg3 29. Kh2 Rxf3 
0-1